Efecto en el módulo resiliente producto del contenido de agua en subrasantes
Guardado en:
| Hovedforfatter: | |
|---|---|
| Andre forfattere: | |
| Format: | Bog |
| Sprog: | Spanish |
| Udgivet: |
[San José], Costa Rica
2021
|
| Fag: | |
| Online adgang: | https://cedi.ucr.ac.cr/civil/efecto-en-el-modulo-resiliente-producto-del-contenido-de-agua-en-subrasantes/ |
| Tags: |
Tilføj Tag
Ingen Tags, Vær først til at tagge denne postø!
|
MARC
| LEADER | 00000nam a2200000Ia 4500 | ||
|---|---|---|---|
| 003 | 013385 | ||
| 005 | 20230509142820.0 | ||
| 008 | 140116s2021 cr a 000 ||spa d | ||
| 040 | |c cru CEDI | ||
| 100 | |a Alfaro Varela, Priscilla, 1997- |9 126 | ||
| 245 | |a Efecto en el módulo resiliente producto del contenido de agua en subrasantes | ||
| 260 | |a [San José], Costa Rica |c 2021 | ||
| 500 | |a Proyecto de graduación (licenciatura en ingeniería civil)--Universidad de Costa Rica. Facultad de Ingeniería. Escuela de Ingeniería Civil, | ||
| 501 | |a Directora de Proyecto de Graduación: Ing. Tania Ávila Esquivel, M.Sc. | ||
| 650 | |x MECANICA DE SUELOS - MODELOS MATEMATICOS |x PAVIMENTOS - SUBRASANTE |x PAVIMENTOS - SUBRASANTE - PRUEBAS |x MATERIALES PARA CARRETERAS |x HUMEDAD DE SUELOS |x MECANICA DE SUELOS | ||
| 700 | |9 127 |a Ávila Esquivel, Tania, 1986- |d Director del TFG | ||
| 856 | |u https://cedi.ucr.ac.cr/civil/efecto-en-el-modulo-resiliente-producto-del-contenido-de-agua-en-subrasantes/ |y https://cedi.ucr.ac.cr/civil/efecto-en-el-modulo-resiliente-producto-del-contenido-de-agua-en-subrasantes/ | ||
| 942 | |c CEDI |h TFG 8536 |2 ddc |6 TFG_8536_000000000000000 | ||
| 999 | |c 21887 |d 21887 | ||
